| 000 | 00372 a2200109 4500 | ||
|---|---|---|---|
| 001 | ART_47442 | ||
| 005 | 20260410161822.0 | ||
| 008 | 260409a | ||
| 245 | 1 | 0 | _aImputación penal de las personas jurídicas y programas de cumplimiento |
| 100 | 1 | _aRobiglio, Carolina L. | |
| 773 | 0 |
_tDoctrina Penal Tributaria y Económica _g- N° 49 (sep. 2018) _wREV4317 |
|
| 999 |
_c22419 _d22419 |
||